Estrategias de las empresas multinacionales (Registro nro. 2983)

Detalles MARC
000 -LEADER
fixed length control field 01172 a2200205 4500
001 - CONTROL NUMBER
control field 39234
005 - DATE AND TIME OF LATEST TRANSACTION
control field 20260407155651.0
008 - FIXED-LENGTH DATA ELEMENTS--GENERAL INFORMATION
fixed length control field 260407a arg spa d
003 - CONTROL NUMBER IDENTIFIER
control field AR-UNSa-BCEJYS
040 ## - CATALOGING SOURCE
Original cataloging agency AR-UNSa-BCEJYS
Language of cataloging spa
Transcribing agency AR-UNSa-BCEJYS
080 ## - UNIVERSAL DECIMAL CLASSIFICATION NUMBER
Universal Decimal Classification number 658.012.2
Common auxiliary subdivision Planificación. Programas. Planes. Medidas de apoyo a la planificación( Administración estratégica...)
100 1# - MAIN ENTRY--PERSONAL NAME
Personal name Marino, Mario A.
245 10 - TITLE STATEMENT
Title Estrategias de las empresas multinacionales
264 #1 - PRODUCTION, PUBLICATION, DISTRIBUTION, MANUFACTURE, AND COPYRIGHT NOTICE
Place of production, publication, distribution, manufacture New York :
Name of producer, publisher, distributor, manufacturer McGraw-Hill
300 ## - PHYSICAL DESCRIPTION
Extent 330 p.
Dimensions 20 cm.
505 ## - FORMATTED CONTENTS NOTE
Formatted contents note 1. La empresa multinacional - 2. Estructura orgánica de las compañias multinacionales - 3. Planificación estratégicas: procesos, conceptos y formas - 4. Fijación de objetivos: examen gerencial y análisis del ambiente y la competencia - 5. Estrategia de comercialización internacional - 6. Estrategia de producción, logística, tecnológica y de personal - 7. Estrategia financiera - 8. Inversión internacional y estrategias de adquisición - 9. Estrategia de posesión - 10. Control internacional de las estrategia
590 ## - LOCAL NOTE (RLIN)
Local note niveau_biblio:m niveau_hierar:0
700 1# - ADDED ENTRY--PERSONAL NAME
Personal name Dymsza, William A.
942 ## - ADDED ENTRY ELEMENTS (KOHA)
Koha item type
Existencias
Withdrawn status Lost status Damaged status Not for loan Home library Current library Shelving location Date acquired Total checkouts Full call number Barcode Date last seen Price effective from Koha item type
        Biblioteca Prof. Eusebio Cleto del Rey Biblioteca Prof. Eusebio Cleto del Rey   07/04/2026   658.012.2 D997 L25276 07/04/2026 07/04/2026 Libro